S. Weil - Les besoins de l'âme - Statistiques

Statistiques générales
  • Ce quiz a été pris 36 fois
  • Le résultat moyen est 8 sur 15
Statistiques - réponses
Hint Réponse % Correct
Participation aux biens collectifs ( état d'esprit) la propriété collective
80%
Danger provoquant une réaction réfléchie le risque
80%
Liberté d'expression totale de l'âme liberté d'opinion
80%
" Le sentiment d'être utile et même indispensable" La responsabilité
73%
Reconnaissance que la même quantité de respect et d'égard est due à tout être humain. L'égalité
73%
Peut être disciplinaire et pénal Le châtiment
67%
Un être humain a de multiples racines, de par la collectivité, le métier,l'entourage, la naissance.... Besoin le plus méconnu et le plus important. l'enracinement
67%
"Nourriture indispensable à l'âme humaine [...] [qui] consiste dans une possibilité de choix." La liberté
60%
entourage d'objets étant une sorte de prolongement des membres du corps la propriété privée
47%
"L'âme n'est pas sous le poids de la peur ou de la terreur" la sécurité
47%
Diffère du respect car est rapporté à l'entourage social. L'honneur
40%
"Un tissu de relations sociales tel que nul ne soit contraint de violer des obligations rigoureuses pour exécuter d'autres obligations" L'ordre
40%
Dévouement à l'égard des supérieurs, vus comme des symboles. La hiérarchie
33%
Besoin plus sacré qu'aucun autre; on ne devrait pas pouvoir l'altérer. la vérité
33%
"Besoin vital de l'âme", consentement reconnu sous la seule réserve de la conscience. L'obéissance
27%
Aucun quiz correspondant
Distribution des résultats
% des personnes avec chaque résultat
Percentile par nombre de réponses
Votre historique - résultats
Vous n’avez pas pris ce quiz